Language Quiz

Random Language or Letter Quiz

Letter Pair Challenge Quiz Stats

Quiz Updated Mar 16, 2012

Also try: Switched Letters
Challenge
Share
Tweet
Embed
Score 0/130 Timer 07:00
0 Plays Today
Letter pair Letter pair % Correct
1st Pairad
83%
2nd Pairad
83%
4th Pairad
83%
2nd Pairar
81.2%
4th Pairar
81.2%
2nd Pairti
80.6%
3rd Pairti
80.6%
3rd Pairti
80.6%
3rd Pairat
80%
4th Pairon
79.5%
4th Pairon
79.5%
4th Pairer
78.2%
4th Pairer
78.2%
3rd Pairac
77.8%
3rd Pairac
77.8%
1st Pairte
77.6%
4th Pairte
77.6%
2nd Pairca
77.6%
4th Pairre
77.4%
4th Pairre
77.4%
2nd Pairma
77%
3rd Pairma
77%
1st Pairbe
76.8%
4th Pairde
76.3%
2nd Pairag
76.2%
3rd Pairag
76.2%
1st Pairra
75.9%
3rd Pairra
75.9%
2nd Pairdi
75.8%
2nd Pairdi
75.8%
4th Pairal
75.3%
1st Pairlo
75.2%
3rd Pairlo
75.2%
3rd Pairba
74.7%
1st Pairda
73.4%
3rd Pairta
73.4%
4th Pairin
73.1%
3rd Pairsa
73%
1st Pairge
72.9%
4th Pairge
72.9%
1st Pairco
72.7%
1st Pairne
72.7%
2nd Pairno
72.6%
3rd Pairli
72.4%
Letter pair Letter pair % Correct
3rd Pairli
72.4%
4th Pairor
71.6%
4th Pairor
71.6%
1st Pairpe
70.8%
2nd Pairpe
70.8%
3rd Pairmi
70.7%
1st Pairmo
70.4%
3rd Pairbo
70.2%
3rd Pairbo
70.2%
4th Paired
70.1%
4th Paired
70.1%
3rd Pairse
69.9%
1st Pairhe
69.8%
4th Pairhe
69.8%
1st Pairfa
69.7%
2nd Pairen
68.5%
1st Pairit
68.2%
4th Pairit
68.2%
3rd Pairri
68.2%
4th Pairri
68.2%
3rd Pairci
68%
2nd Pairro
67.9%
3rd Pairro
67.9%
3rd Pairni
67.9%
2nd Paircu
65.8%
2nd Paircu
65.8%
1st Pairel
65%
1st Pairva
63.7%
2nd Pairil
63.1%
2nd Pairil
63.1%
1st Pairqu
62.8%
1st Pairsu
62.4%
Wordaddition
62.3%
1st Pairja
61.9%
3rd Pairpi
61.6%
2nd Pairve
61.4%
2nd Pairve
61.4%
2nd Pairbu
59.8%
2nd Pairep
59.3%
4th Pairus
59.1%
2nd Pairem
58.8%
1st Pairke
57.2%
4th Pairke
57.2%
2nd Pairev
57.1%
Letter pair Letter pair % Correct
1st Pairwo
55.6%
1st Pairoc
54.4%
3rd Pairot
53.6%
2nd Pairun
53.5%
Wordheadache
52.5%
4th Pairic
51.6%
Wordgenocide
51.4%
4th Pairze
51.3%
2nd Pairok
51.2%
4th Pairok
51.2%
4th Pairok
51.2%
Wordvacation
48.4%
1st Pairul
48.2%
Wordelevator
47.9%
Wordbeverage
47.7%
3rd Pairiz
47.1%
1st Pairye
46.9%
Wordpeculiar
46.8%
Wordteenager
46.8%
Wordquagmire
45.5%
Wordfabulous
44.7%
2nd Pairur
42.9%
Wordsuperior
42.6%
Wordrailroad
41.3%
1st Pairzo
41.2%
Wordjailbait
40.4%
Wordcookbook
39.5%
3rd Pairui
39.3%
2nd Pairiq
39%
Wordmountain
39%
Worditemized
38.8%
Wordlovelier
38.5%
Wordkeepsake
37%
Wordultimate
36.3%
Wordwomanize
36.3%
Wordoccupied
35.7%
1st Pairxe
35.2%
Wordneurotic
27.8%
Worddaiquiri
27.4%
Wordyearbook
27.3%
Wordzodiacal
26%
Wordxerosere*
21%

You're not logged in!

Compare scores with friends on all Sporcle quizzes.
Join for Free
OR
Log In

You Might Also Like...

Show Comments

Extras

Top Quizzes Today


Score Distribution

Your Account Isn't Verified!

In order to create a playlist on Sporcle, you need to verify the email address you used during registration. Go to your Sporcle Settings to finish the process.

Report this User

Report this user for behavior that violates our Community Guidelines.

Details: